Almost Country Names - Statistics

General Stats
  • This quiz has been taken 591 times
    400 since last reset
  • The average score is 9 of 30
Answer Stats
Word Country % Correct
Algebra Algeria
88%
Canary Canada
74%
Crypt Egypt
65%
Dominion Dominica
64%
Portal Portugal
64%
Rustic Russia
56%
Normal Norway
49%
Tile Chile
47%
Realize Belize
45%
Kiwi Fiji
34%
Lens Laos
32%
Malice Mali
30%
Braid Brazil
29%
Irony Iran
29%
Tigers Niger
25%
Guiles Guinea
23%
Denim Benin
21%
Whiny China
20%
Wand Rwanda
20%
Fern Peru
15%
Cobra Cuba
14%
Prune Brunei
12%
Tough Togo or Tonga
12%
Plant Poland
10%
Cold Chad
9%
Later Qatar
9%
Salty Malta
8%
Neat Nepal
8%
Bowman Oman
7%
Pin Spain
6%
No matching quizzes found
Score Distribution
Percent of People with Each Score
Percentile by Number Answered
Your Score History
You have not taken this quiz since the last reset